Sarbanes-Oxley for nonprofit boards : (Record no. 3472)

MARC details
000 -LEADER
fixed length control field 00911cam a22002294a 4500
008 - FIXED-LENGTH DATA ELEMENTS--GENERAL INFORMATION
fixed length control field 060310s2006 nju b 001 0beng
020 ## - INTERNATIONAL STANDARD BOOK NUMBER
ISBN 0471790370 (cloth)
020 ## - INTERNATIONAL STANDARD BOOK NUMBER
ISBN 9780471790372 (cloth)
100 1# - MAIN ENTRY--AUTHOR
Author Jackson, Peggy M.
245 10 - TITLE STATEMENT
Title Sarbanes-Oxley for nonprofit boards :
Remainder of title a new governance paradigm /
Statement of responsibility, etc Peggy M. Jackson.
260 ## - PUBLICATION, DISTRIBUTION, ETC. (IMPRINT)
Place of publication Sarbanes-oxley
Name of publisher John Wiley & Sons,
Date of publication 2002
300 ## - COLLATION
Pagination xiii, 194 p. ;
650 #0 - TRACINGS
Main Subject Nonprofit organizations
Subdivision (2nd) Management.
650 #0 - TRACINGS
Main Subject Nonprofit organizations
Subdivision (2nd) Law and legislation
650 #0 - TRACINGS
Main Subject Nonprofit organizations
Subdivision (2nd) Accounting
-- Law and legislation
856 42 - ELECTRONIC LOCATION AND ACCESS
URL http://www.loc.gov/catdir/enhancements/fy0741/2006008032-b.html
856 42 - ELECTRONIC LOCATION AND ACCESS
URL http://www.loc.gov/catdir/enhancements/fy0741/2006008032-d.html
856 41 - ELECTRONIC LOCATION AND ACCESS
URL http://www.loc.gov/catdir/enhancements/fy0741/2006008032-t.html
942 ## - ADDED ENTRY ELEMENTS (KOHA)
Item type Books
050 00 - LIBRARY OF CONGRESS CALL NUMBER
Classification number HD62.6
Item number .J33 2006
082 00 - DEWEY DECIMAL CLASSIFICATION NUMBER
Classification number 657/.980973
Holdings
Source of classification or shelving scheme Not for loan Permanent location Current location Date acquired Accession No. Full call number Barcode. Koha item type
Library of Congress Classification   Samuel Ogbemudia Main Library, University of Abuja Samuel Ogbemudia Main Library, University of Abuja 05/14/2025 2024/64229 HD62.6.J33 2025-1940 Books